01019naa a2200205 i 4500001000400000003000400004005001700008008003900025040000800064080001100072100014700083245010800230260001000338500002600348650003600374650001500410655003000425711015500455773020300610BPPBPK20160107122200.0150112s1991 pl f |100 0 pol cBPK a633.49 aFLESZAR, Józef.d1975 - 1996.bWyższa Szkoła Inżynierska w Koszalinie - Wydział Mechaniczny,cZakład Maszyn i Urządzeń Rolniczych aAnaliza procesu oddzielania kamieni od bulw ziemniaka przez separatory dźwigniowe /cJózef Fleszar. c1991. aDane z kartoteki bpp. 0aMaszyny i narzędzia rolnicze. 0aZiemniaki. 0aMateriały konferencyjne. aProblemy budowy i eksploatacji maszyn i urządzeń rolniczych : Sympozjum im. prof. Czesława Kanafojskiegon(5 ;d1991.09.23-24 ;cPłock, Polska). iW :tProblemy budowy i eksploatacji maszyn i urządzeń rolniczych : referaty i komunikaty V Sympozjum im. prof. Czesława Kanafojskiego. -dWarszawa : Politechnika Warszawska, 1991. -gs. 202-205